| 000 | 00000nam##2200000za#4500 |
| 001 | 9.566388 |
| 003 | CaOODSP |
| 005 | 20210624180251 |
| 007 | cr ||||||||||| |
| 008 | 150406|2004||||xxc|||||o f|0| 0 eng|d |
| 040 | |aCaOODSP|beng |
| 043 | |an-cn--- |
| 086 | 1 |aTU3-5/04-42E-PDF |
| 110 | 2 |aTransportation Safety Board of Canada. |
| 245 | 10|aRisk of collision - NAV CANADA, Vancouver International Airport, British Columbia, 29 October 2004 |h[electronic resource] |
| 260 | |aGatineau - Quebec : |bTransportation Safety Board of Canada |c[2006]. |
| 300 | |a11p.|billus., references |
| 490 | 1 |aAviation investigation report |vA04P0397 |
| 590 | |a10-05-Supp|b2010-07-20 |
| 690 | 07|aAircraft accidents|2gcpds |
| 775 | 08|tRisque de collision survenu à l'aéroport international de Vancouver (Colombie-Britannique) exploité par NAV CANADA, le 29 octobre 2004 |w(CaOODSP)9.597894 |
| 830 | #0|aAviation investigation report ;|vA04P0397|w(CaOODSP)9.504825 |
| 856 | 40|ahttp://publications.gc.ca|qPDF|s150 KB|uhttps://publications.gc.ca/collections/collection_2009/bst-tsb/TU3-5-04-42E.pdf|yA04P0397 |